Vimarsanam oru strainakalayanu/ (Record no. 181773)

000 -LEADER
fixed length control field 00392nam a2200157 4500
020 ## - INTERNATIONAL STANDARD BOOK NUMBER
ISBN 9789349946545
082 ## - DEWEY DECIMAL CLASSIFICATION NUMBER
Classification number M080 009
Item number JUL/V
100 ## - MAIN ENTRY--AUTHOR NAME
Personal name Julie D M
245 ## - TITLE STATEMENT
Title Vimarsanam oru strainakalayanu/
Statement of responsibility, etc by Julie D M
260 ## - PUBLICATION, DISTRIBUTION, ETC. (IMPRINT)
Place of publication Kozhikkode:
Name of publisher Atma books,
Year of publication 2025.
300 ## - PHYSICAL DESCRIPTION
Number of Pages 320p.
650 ## - SUBJECT ADDED ENTRY--TOPICAL TERM
Topical Term Novel Malayalam
650 ## - SUBJECT ADDED ENTRY--TOPICAL TERM
Topical Term Literature Malayalam
650 ## - SUBJECT ADDED ENTRY--TOPICAL TERM
Topical Term Literature
942 ## - ADDED ENTRY ELEMENTS (KOHA)
Koha item type Book
Holdings
Withdrawn status Lost status Damaged status Not for loan Permanent Location Current Location Shelving location Date acquired Cost, normal purchase price Full call number Accession Number Price effective from Koha item type
        Sree Sankaracharya University of Sanskrit Sree Sankaracharya University of Sanskrit Stacks 23.05.2026 640.00 M080 009 JUL/V 108944 23.05.2026 Book